| 000 | 00914nam a2200229Ii 4500 | ||
|---|---|---|---|
| 003 | JO-AjNU | ||
| 008 | 230605s9999||||xx |||||||||||||| ||und|| | ||
| 017 | _a2020/7/2610 | ||
| 020 | _a978-9923-15-056-6 | ||
| 040 |
_aJO-AjNU _bara _erda _cJO-AjNU |
||
| 041 | _aara | ||
| 050 | 1 | 4 | _aKMM460.A45 2021 |
| 100 | 3 |
_aاحمد، عبد الرحمن توفيق, _eauthor _962827 |
|
| 245 | 0 | 0 | _aشرح الاجراءات الجزائية كما وردت في قانون أصول المحاكمات الجزائية وفق أحدث التعديلات |
| 250 | _aط2 | ||
| 264 | 3 | 1 | _aعمان: دار الثقافة للنشر والتوزيع، 2021 |
| 300 | _a464ص | ||
| 336 |
_atext _btxt _2rdacontent |
||
| 337 |
_aunmediated _bn _2rdamedia |
||
| 338 |
_avolume _bnc _2rdacarrier |
||
| 650 | 4 |
_aالاجراءات الجنائية-المحاكم الجنائية-القانون الجنائي-الاردن _962828 |
|
| 999 |
_aA28468 _c32036 _d32036 |
||